000 00710nam a2200181Ia 4500
008 090630s9999 xx 000 0 und d
082 _b19098
100 _aसंपा. प्रियोळकर अनंत.
245 _aदमयंती स्वयंवर.
_cसंपा. प्रियोळकर अनंत.
260 _bकॉन्टीनेंटल.
_c1935
300 _a108
600 _aसंपा. प्रियोळकर अनंत.
630 _aदमयंती स्वयंवर.
655 _aकाव्य.
700 _aसंपा. प्रियोळकर अनंत.
730 _aदमयंती स्वयंवर.
942 _cBOOK
999 _c270954
_d270954